[Event "Guwahati op 1st"]
[Site "Guwahati"]
[Date "2022.03.17"]
[Round "6"]
[White "Tahbaz, Arash"]
[Black "Gaikwad, Siddhant"]
[Result "1-0"]
[WhiteElo "2469"]
[BlackElo "2016"]
[PlyCount "89"]
[EventDate "2022.03.14"]
[EventType "swiss"]
[EventRounds "10"]
[EventCountry "IND"]
[SourceTitle "CBM 207 Extra"]
[Source "ChessBase"]
[SourceDate "2022.05.31"]
[SourceVersion "1"]
[SourceVersionDate "2022.05.31"]
[SourceQuality "1"]

1. e4 c5 2. Nc3 g6 3. g3 Bg7 4. Bg2 Nc6 5. Nge2 e6 6. 0-0 Nge7 7. d3 d6 8. f4 0-0 9. g4 f5 10. Ng3 Nd4 11. gxf5 exf5 12. Nd5 Nxd5 13. exd5 Nb5 14. c3 Nc7 15. Be3 Qe7 16. Qd2 Qf7 17. c4 Re8 18. Bf2 Bf6 19. d4 b6 20. b4 Qg7 21. Rad1 Ba6 22. b5 Bb7 23. dxc5 bxc5 24. a4 h5 25. a5 Rad8 26. Kh1 Rd7 27. Ne2 Qh6 28. Ng1 g5 29. fxg5 Bxg5 30. Qd3 Rg7 31. Qxf5 Rf8 32. Qd3 h4 33. Nh3 Bc8 34. Bg1 Rgf7 35. Rxf7 Rxf7 36. Nxg5 Qxg5 37. h3 Rg7 38. Qf3 Rf7 39. Qe3 Qg7 40. Re1 Bd7 41. Bh2 Ne8 42. b6 axb6 43. axb6 Ba4 44. Qa3 Rf2 45. Rg1 1-0

[Event "Bhopal Masters"]
[Site "Bhopal"]
[Date "2021.11.24"]
[Round "5"]
[White "Gaikwad, Siddhant"]
[Black "Mahindrakar, Indrajeet"]
[Result "1/2-1/2"]
[WhiteElo "2033"]
[BlackElo "2129"]
[PlyCount "79"]
[EventDate "2021.11.22"]
[EventType "tourn"]
[EventRounds "7"]
[EventCountry "IND"]
[SourceTitle "CBM 205 Extra"]
[Source "ChessBase"]
[SourceDate "2022.01.31"]
[SourceVersion "1"]
[SourceVersionDate "2022.01.31"]
[SourceQuality "1"]

1. e4 e5 2. Nf3 Nc6 3. d4 exd4 4. Nxd4 Nf6 5. Nxc6 bxc6 6. e5 Qe7 7. Qe2 Nd5 8. c4 Ba6 9. Nd2 Nf4 10. Qe4 Ne6 11. Nf3 Qb4+ 12. Kd1 Bc5 13. Qc2 Qb6 14. Rb1 Nd4 15. Nxd4 Bxd4 16. f4 c5 17. Bd3 Bb7 18. Re1 a5 19. Be3 Qh6 20. Be4 Bxe4 21. Qxe4 0-0 22. Kc2 d6 23. Bxd4 cxd4 24. Rbd1 dxe5 25. Qxe5 Ra6 26. Qxd4 Qxh2 27. Kb1 Rd6 28. Qf2 Rxd1+ 29. Rxd1 Qh5 30. Rd5 Qh1+ 31. Kc2 a4 32. Qd2 Qh4 33. a3 h6 34. Qe3 Qf6 35. g3 Rb8 36. Qd4 Qg6+ 37. Qd3 Qf6 38. Qd4 Qg6+ 39. Qd3 Qf6 40. Qd4 1/2-1/2

[Event "Mumbai Wealth op 5th"]
[Site "Mumbai"]
[Date "2020.01.07"]
[Round "9"]
[White "Souhardo, Basak"]
[Black "Gaikwad, Siddhant"]
[Result "1-0"]
[WhiteElo "2254"]
[BlackElo "2028"]
[PlyCount "87"]
[EventDate "2019.12.30"]
[EventType "swiss"]
[EventRounds "9"]
[EventCountry "IND"]
[SourceTitle "CBM 194 Extra"]
[Source "ChessBase"]
[SourceDate "2020.03.31"]
[SourceVersion "1"]
[SourceVersionDate "2020.03.31"]
[SourceQuality "1"]

1. e4 c5 2. Nf3 d6 3. d4 cxd4 4. Nxd4 Nf6 5. Nc3 g6 6. Be3 Bg7 7. f3 0-0 8. Qd2 Nc6 9. g4 Be6 10. Nxe6 fxe6 11. 0-0-0 Qc8 12. h4 Ne5 13. h5 Nfd7 14. hxg6 hxg6 15. Qh2 Kf7 16. Be2 Nc4 17. Bd4 e5 18. Bf2 Qc6 19. g5 Rac8 20. Be1 b5 21. Bxc4+ Qxc4 22. b3 Qb4 23. Nd5 Qa3+ 24. Kb1 a5 25. Qd2 Qc5 26. Bf2 Qc6 27. Rh7 Rfe8 28. Ne3 Nf8 29. Rh2 Ne6 30. Ng4 Nxg5 31. Be3 Nxf3 32. Rf2 Qxe4 33. Nh2 Ke6 34. Nxf3 Kd7 35. Ng5 Qc6 36. Qe2 Bf6 37. Nh7 d5 38. Qg4+ Kc7 39. Nxf6 exf6 40. Qxg6 d4 41. Rxf6 Qc5 42. Rf7+ Kb8 43. Qe4 Rc6 44. Bxd4 1-0

[Event "Mumbai Wealth op 5th"]
[Site "Mumbai"]
[Date "2020.01.06"]
[Round "8"]
[White "Sapaev, Maksad"]
[Black "Gaikwad, Siddhant"]
[Result "1/2-1/2"]
[WhiteElo "2250"]
[BlackElo "2028"]
[PlyCount "100"]
[EventDate "2019.12.30"]
[EventType "swiss"]
[EventRounds "9"]
[EventCountry "IND"]
[SourceTitle "CBM 194 Extra"]
[Source "ChessBase"]
[SourceDate "2020.03.31"]
[SourceVersion "1"]
[SourceVersionDate "2020.03.31"]
[SourceQuality "1"]

1. e4 c5 2. Nf3 d6 3. d4 cxd4 4. Nxd4 Nf6 5. Nc3 g6 6. Be3 Bg7 7. f3 0-0 8. Qd2 Nc6 9. Bc4 Bd7 10. Bb3 Rc8 11. 0-0-0 Ne5 12. Kb1 Nc4 13. Bxc4 Rxc4 14. h4 h5 15. Nb3 a5 16. e5 dxe5 17. Nd5 a4 18. Nxf6+ Bxf6 19. Qxd7 Qxd7 20. Rxd7 axb3 21. cxb3 Rxh4 22. Rxh4 Bxh4 23. Rxb7 f5 24. a4 f4 25. Bc5 e4 26. fxe4 Be1 27. Bxe7 f3 28. gxf3 Rxf3 29. e5 h4 30. Bf6 h3 31. Rg7+ Kf8 32. Rh7 Kg8 33. Rh8+ Kf7 34. Ka2 Bd2 35. b4 Bxb4 36. Bg5 Rf5 37. Be3 Rh5 38. Rxh5 gxh5 39. Bg1 Be1 40. Kb1 h4 41. a5 Bxa5 42. Kc2 Bb6 43. Bh2 Bf2 44. Kd3 Bg3 45. Bg1 h2 46. Bxh2 Bxh2 47. Ke2 h3 48. Kf3 Bxe5 49. Kf2 Bh2 50. Kf3 Bd6 1/2-1/2

[Event "Mumbai Wealth op 5th"]
[Site "Mumbai"]
[Date "2020.01.02"]
[Round "4"]
[White "Aradhya, Garg"]
[Black "Gaikwad, Siddhant"]
[Result "1-0"]
[WhiteElo "2197"]
[BlackElo "2028"]
[PlyCount "53"]
[EventDate "2019.12.30"]
[EventType "swiss"]
[EventRounds "9"]
[EventCountry "IND"]
[SourceTitle "CBM 194 Extra"]
[Source "ChessBase"]
[SourceDate "2020.03.31"]
[SourceVersion "1"]
[SourceVersionDate "2020.03.31"]
[SourceQuality "1"]

1. e4 c5 2. Nf3 d6 3. Bb5+ Bd7 4. Bxd7+ Nxd7 5. 0-0 Ngf6 6. Qe2 Rc8 7. c3 e6 8. d4 cxd4 9. cxd4 d5 10. e5 Ne4 11. Nbd2 Nxd2 12. Bxd2 Be7 13. Qb5 Qb6 14. a4 a6 15. Qd3 Nb8 16. h4 h6 17. g4 Qd8 18. Kg2 h5 19. gxh5 Bxh4 20. Rh1 Rxh5 21. Qb3 b6 22. Nxh4 Rxh4 23. Qg3 Rxh1 24. Rxh1 Kd7 25. Rh7 Rc7 26. Qxg7 Qe7 27. Bg5 1-0

[Event "Gujarat op 2nd"]
[Site "Ahmedabad"]
[Date "2019.09.24"]
[Round "4"]
[White "Murshed, Niaz"]
[Black "Gaikwad, Siddhant"]
[Result "1-0"]
[WhiteElo "2405"]
[BlackElo "2034"]
[PlyCount "101"]
[EventDate "2019.09.22"]
[EventType "swiss"]
[EventRounds "10"]
[EventCountry "IND"]
[SourceTitle "EXT 2020"]
[Source "ChessBase"]
[SourceDate "2019.10.17"]
[SourceVersion "1"]
[SourceVersionDate "2019.10.17"]
[SourceQuality "1"]

1. c4 e5 2. g3 Nf6 3. Bg2 d5 4. cxd5 Nxd5 5. Nc3 Nb6 6. Nf3 Nc6 7. 0-0 Be6 8. d3 Be7 9. a3 f5 10. Be3 g5 11. b4 g4 12. Nd2 0-0 13. Nb3 f4 14. Nc5 Bxc5 15. Bxc5 Rf7 16. Rc1 Qf6 17. Ne4 Qf5 18. b5 Nd8 19. f3 h5 20. e3 Nd5 21. exf4 exf4 22. fxg4 hxg4 23. gxf4 Nxf4 24. Be3 Nxg2 25. Rf3 Qf4 26. Rxf4 Nxe3 27. Rf5 Kf8 28. Rg5 Nd5 29. Qd2 Rf1+ 30. Kxf1 Nf7 31. Rh5 Ke7 32. Kg1 a6 33. Nc5 Nf6 34. Nxe6 Nxh5 35. Nxc7 Rg8 36. Nd5+ Kd6 37. Qb4+ Kxd5 38. Qc4+ Ke5 39. Qxf7 Rg5 40. Qxb7 axb5 41. Qxb5+ Kf6 42. Qc6+ Ke5 43. Qe4+ Kf6 44. a4 Re5 45. Qd4 Kf5 46. Qd7+ Kf4 47. a5 Kf3 48. Qc6+ Ke3 49. a6 Nf4 50. a7 Ne2+ 51. Kg2 1-0

[Event "Mumbai Wealth op 3rd"]
[Site "Mumbai"]
[Date "2018.01.05"]
[Round "7"]
[White "Gaikwad, Siddhant"]
[Black "Shailesh, Dravid"]
[Result "0-1"]
[WhiteElo "2023"]
[BlackElo "2306"]
[PlyCount "92"]
[EventDate "2017.12.30"]
[EventType "swiss"]
[EventRounds "9"]
[EventCountry "IND"]
[SourceTitle "CBM 182 Extra"]
[Source "ChessBase"]
[SourceDate "2018.02.23"]
[SourceVersion "1"]
[SourceVersionDate "2018.02.23"]
[SourceQuality "1"]

1. e4 c5 2. Nf3 d6 3. d4 Nf6 4. Nc3 cxd4 5. Nxd4 Nc6 6. Bg5 e6 7. Qd2 a6 8. 0-0-0 Bd7 9. f4 Be7 10. Bxf6 Bxf6 11. Nde2 Be7 12. h4 b5 13. Ng1 b4 14. Nce2 a5 15. Kb1 a4 16. Rh3 0-0 17. Nc1 Qb6 18. Nge2 Rfc8 19. g4 d5 20. e5 b3 21. cxb3 axb3 22. Rxb3 Qa7 23. Nc3 Na5 24. f5 Nxb3 25. Nxb3 exf5 26. Bg2 Be6 27. Nd4 fxg4 28. Ndb5 Qa5 29. a3 Rab8 30. Nxd5 Qxd2 31. Nxe7+ Kf8 32. Rxd2 Kxe7 33. Nd4 Bd7 34. b4 Rc5 35. Kb2 Rxe5 36. Bc6 Rh5 37. Ka2 Be6+ 38. Kb2 Rxh4 39. b5 g3 40. a4 Rh2 41. Bg2 Bd5 42. Re2+ Kd6 43. Nf5+ Kd7 44. Ne3 Bxg2 45. Nxg2 h5 46. Rd2+ Ke7 0-1

[Event "Bhopal op"]
[Site "Bhopal"]
[Date "2017.12.23"]
[Round "4"]
[White "Gaikwad, Siddhant"]
[Black "Matta, Vinay Kumar"]
[Result "1/2-1/2"]
[WhiteElo "2023"]
[BlackElo "2306"]
[PlyCount "49"]
[EventDate "2017.12.21"]
[EventType "swiss"]
[EventRounds "10"]
[EventCountry "IND"]
[SourceTitle "CBM 182 Extra"]
[Source "ChessBase"]
[SourceDate "2018.02.23"]
[SourceVersion "1"]
[SourceVersionDate "2018.02.23"]
[SourceQuality "1"]

1. e4 e5 2. Nf3 Nc6 3. Bb5 a6 4. Ba4 Nf6 5. 0-0 Be7 6. Re1 b5 7. Bb3 0-0 8. d4 Nxd4 9. Nxd4 exd4 10. e5 Ne8 11. Qxd4 d6 12. Qe4 Rb8 13. Rd1 Bb7 14. Qg4 d5 15. Nc3 c6 16. Ne2 f5 17. Qh3 Nc7 18. c3 Qe8 19. Bc2 g6 20. Bh6 Rf7 21. Nd4 Bc8 22. Qg3 Be6 23. h4 Kh8 24. Rd3 Qd7 25. Rad1 1/2-1/2

[Event "Raisoni Memorial op U15"]
[Site "Nagpur"]
[Date "2012.09.18"]
[Round "2"]
[White "Das, Sayantan"]
[Black "Gaikwad, Siddhant"]
[Result "1-0"]
[WhiteElo "2305"]
[BlackElo "1878"]
[PlyCount "53"]
[EventDate "2012.09.17"]
[EventType "swiss"]
[EventRounds "11"]
[EventCountry "IND"]
[SourceTitle "CBM 150 Extra"]
[Source "ChessBase"]
[SourceDate "2012.10.19"]
[SourceVersion "1"]
[SourceVersionDate "2012.10.19"]
[SourceQuality "1"]

1. c4 Nf6 2. g3 g6 3. Bg2 Bg7 4. Nc3 0-0 5. e4 d6 6. Nge2 c5 7. 0-0 Nc6 8. d3 a6 9. h3 Rb8 10. a4 b6 11. Be3 Bb7 12. f4 e6 13. Qd2 Ne7 14. Bf2 Ne8 15. d4 Qc7 16. d5 e5 17. Rab1 Bc8 18. b4 exf4 19. Nxf4 Bd7 20. Rfc1 f5 21. Ne6 Bxe6 22. dxe6 fxe4 23. Bxe4 Nf6 24. Bg2 Nf5 25. g4 Ne7 26. Nd5 Qd8 27. Rd1 1-0